000
00427nam a2200145Ia 4500
008
100204s9999 xx 000 0 und d
082
_b
8460
100
_a
मंगेशकर गीता
245
_a
निरोप
260
_b
"बांदोडकर पब्लिशिंग हाऊस, गोवा"
_c
1986
300
_a
176
630
_a
निरोप
730
_a
निरोप
942
_c
BOOK
999
_c
452896
_d
452893